000 00797nam a22002657a 4500
001 8273
003 FISKH
005 20250905162321.0
008 250905b cb ||||| |||| 00| 0 eng d
020 _a9780688153373
040 _aFISKH
_beng
_cFISKH
_dFISKH
050 _aPZ7.W78036 T
082 _a303
100 _aWisniewski, David
245 _aTough cookie /
_cBy David Wisniewski
260 _aNew York :
_bLothrop, Lee & Shepard Books ,
_c1999.
300 _a32 unnumbered pages :
_bcolor illustrations ;
_c28 cm .
505 _aJ
520 _aWhen his friend Chips is snatched and chewed, Tough Cookie sets out to stop Fingers.
521 8 _a490
_bLexile AD
521 8 _aJ
_bRaz-Plus
650 _aCookies
_vFiction
942 _2ddc
_cBK
_n0
999 _c8273
_d8273